000 01913cam a2200145 4500500
005 20260222000045.0
041 _afre
042 _adc
100 1 0 _aLugassy, Maurice
_eauthor
700 1 0 _aSerrurier, Enguerrand
_eauthor
245 0 0 _aLes hérauts de la Résistance catholique : Quatre-vingts ans après la Lettre de Mgr Saliège
260 _bÉditions du Cerf,
_c2024.
520 _aEn 1942, personne ne s’est opposé à la déportation des Juifs par les Allemands et leurs collaborateurs français. Personne, sauf six évêques, qui ont protesté publiquement, par des déclarations solennelles publiées dans la presse religieuse. « Les Juifs sont des hommes, les Juives sont des femmes… » Le cri d’alarme de ces personnalités publiques a sauvé l’honneur de l’Église et l’honneur de la France. Ces évêques sont devenus des symboles pour un très vaste mouvement : la Résistance catholique. Certains ont soutenu la création d’authentiques réseaux. À Toulouse et Montauban, véritables « diocèses résistants », s’est constitué un foyer original de combat contre le gouvernement illégitime de Vichy et l’horreur antisémite, en lien avec la France libre et les grands mouvements clandestins. Clergé et fi dèles se sont impliqués dans des actions héroïques. Plusieurs seront faits Compagnons de la Libération et Justes parmi les Nations. Ce livre présente la biographie de guerre de ces porteparole de la Résistance catholique : Jules Saliège, Pierre-Marie Théas, René de Naurois, Bruno de Solages, Denise Bergon, Marie-Rose Gineste, Roger Braun. L’ouvrage rassemble les actes du colloque « Croire et agir : la Résistance catholique dans le Midi toulousain », qui s’est tenu à Toulouse le 24 novembre 2022.
856 4 1 _uhttps://shs.cairn.info/les-herauts-de-la-resistance-catholique--9782204158367?lang=fr&redirect-ssocas=7080
999 _c1662452
_d1662452